| 000 | 00755nas a2200253 4500 | ||
|---|---|---|---|
| 001 | BR0805202 | ||
| 003 | BR-BrBNA | ||
| 005 | 20231205112407.0 | ||
| 007 | ta | ||
| 008 | 230509b bl.|||p| |||| 00| 00por d | ||
| 040 |
_aBR-BrBNA _bpor _cBiblioteca Nacional de Agricultura |
||
| 041 | _a(Pt) | ||
| 072 | _aF30 | ||
| 100 | 1 | _aIsensee, J.M.F. | |
| 100 | 1 | _aVidal, P.O. | |
| 100 | 1 | _aGaiotto, F.A. | |
| 245 | 1 | _aCaracterização genética entre pupunheiras cultivadas no sul da Bahia por marcadores RAPD | |
| 650 | _aPUPUNHA | ||
| 650 | _aVARIAÇÃO GENETICA | ||
| 650 | _aBAHIA | ||
| 773 | 0 |
_tMagistra (Brazil) _xISSN 0102-5222 _g(Oct-Dec 2007), v. 19(4) p. 304-310 _wBR0805202 |
|
| 909 |
_a202311 _bLúcia _c55 _dLúcia Elande |
||
| 942 |
_2AGRIS _n0 _cANA |
||
| 999 |
_c197819 _d197819 |
||